| 000 | 01038cam a22003015i 4500 | ||
|---|---|---|---|
| 003 | EG-ScBUE | ||
| 005 | 20230208044552.0 | ||
| 008 | 131210s2023 ua f 000 f ara d | ||
| 017 | _a2022 / 28841 | ||
| 020 | _a9789770938195 | ||
| 040 |
_aEG-ScBUE _bara _erda _cEG-ScBUE _dEG-ScBUE |
||
| 082 | 0 | 4 |
_a892.736 _bح ل ي _222 |
| 100 | 1 |
_aحليم، إيناس، _eمؤلف. _934599 |
|
| 245 | 1 | 0 |
_aحكاية السيدة التي سقطت في الحفرة / _bإيناس حليم. |
| 246 | 3 | 4 |
_aحكاية السيدة التي سقطت في الحفرة : _bرواية |
| 250 | _aالطبعة الأولى. | ||
| 264 | 1 |
_aالقاهرة : _bدار الشروق، _c2023. |
|
| 300 |
_a313 صفحة ؛ _c20 سم |
||
| 336 |
_aنص _btxt _2rdacontent |
||
| 337 |
_aبدون وسيط _bn _2rdamedia |
||
| 338 |
_aمجلد _bnc _2rdacarrier |
||
| 541 | _aBook Fair 2023. | ||
| 650 | 7 |
_aالقصص العربية _yقرن 21. _2BUEsh |
|
| 651 | _2BUEsh | ||
| 653 |
_bARALIT _cFebruary2023 |
||
| 655 | _vReading book | ||
| 942 |
_2ddc _cBB |
||
| 999 |
_c30112 _d30083 |
||